00709nam a2200217 i 4500001001000000003000900010005001700019007000300036008004100039040003000080041000800110082001700118100004100135245009600176250002200272264006400294300004500358336002700403337003300430338002800463000036475DO-SdBNP20260420111452.0ta120118s2000 pe a 000 0 spa d aDO-SdBNPbspacBNPHUerda aspa 4axxxbxxx222 aMaríñez., Pablo A.,eautor4aut.10aNicomedes Santa Cruz :bdecimista, poeta y folklorista afroperuano /cPablo A. Maríñez. asegunda edición aLima, Perú :bMunicipalidad Metropolitana de Lima,c2000. a157 páginas :bilustraciones ;c21 cm. atextobtxt2rdacontent asin mediaciónbn2rdamedia avolumenbnc2rdacarrier